000 00483nam a22001817a 4500
003 CEME
005 20210628204005.0
008 210309b xxu||||| |||| 00| 0 eng d
020 _a0-07-012740-9
040 _c.
082 _a621.38174 PRI
100 _aCoombs, Cyde.F
_968164
245 _aPrinted circuit handbook,fabrication
260 _aNEW YORK
_bMCGRAW HILL
_c1990
300 _aVP, VOL-2
650 _aCIRCUITS-PRINTED PRINTED CIRCUIT MANUALS
_968165
942 _cBK
_2ddc
999 _c575793
_d575793